-
JAIN, DR.KISHOR S .,DHUPEE,SHEETAL B.,AND BARSE,ROSHAN K
Entry Personal Name
Number of records used in: 1
001 - CONTROL NUMBER
003 - CONTROL NUMBER IDENTIFIER
005 - DATE AND TIME OF LATEST TRANSACTION
- control field:
20240108111155.0
008 - FIXED-LENGTH DATA ELEMENTS
- fixed length control field:
240108|| aca||aabn | a|a d
040 ## - CATALOGING SOURCE
- Original cataloging agency:
JRU
- Transcribing agency:
JRU
100 ## - HEADING--PERSONAL NAME
- Personal name:
JAIN, DR.KISHOR S .,DHUPEE,SHEETAL B.,AND BARSE,ROSHAN K
670 ## - SOURCE DATA FOUND
- Source citation:
Work cat.: (JRU)5790: JAIN, DR.KISHOR S .,DHUPEE,SHEETAL B.,AND BARSE,ROSHAN K., A BOOK OF INDUSTRIAL PHARMACY-I SIMPLIFIED (SEM-V)